00655cam a22001577a 4500008004000000082001500040100011100055245013400166260003700300300000800337440003300345650001600378700001500394700004100409700004700450180718b2002 xxu||||| |||| 00| 0 eng d aQ31x5 L872 aUnited Nations Development Programme. Urban Management Programme, Regional Office for Asia and the Pacific aUMP Asia city consultations on urban poverty alleviationcby Regional Office for Asia and the Pacific, Urban Management Programme aNew DelhibKriti Creationsc2002 a66p aLooking Back Looking Forward aPoor - Asia aWorld Bank aUnited Nations Development Programme aUnited Nations Human Settlements Programme